| 000 | 00445nam a22001817a 4500 | ||
|---|---|---|---|
| 003 | MPLRDC | ||
| 005 | 20220104113738.0 | ||
| 008 | 210129b ||||| |||| 00| 0 eng d | ||
| 082 | _a857.45 NGB-12 v.1 | ||
| 100 | _a南宫搏 | ||
| 245 |
_a玄武门 _c |
||
| 250 | _a初版 | ||
| 260 |
_a台湾 _b尧舜出版事业有限公司 _c1980 |
||
| 300 | _b360 | ||
| 490 | _a尧舜丛刊; 1 | ||
| 650 | _a历史小说 | ||
| 942 |
_cBK _o857.45 NGB-12 v.1 |
||
| 999 |
_c2025 _d2015 |
||